The Politics of an Islamic movement : the Jama'at-i Islami in Pakistan /
Saved in:
| Main Author: | |
|---|---|
| Format: | Thesis |
| Language: | English |
| Published: |
Cambridge
: Massachusetts Institute of Technology,
1991
|
| Subjects: | |
| Tags: |
Add Tag
No Tags, Be the first to tag this record!
|
| LEADER | 014040000a22003370004500 | ||
|---|---|---|---|
| 001 | 61427 | ||
| 005 | 19990407033000.0 | ||
| 008 | 930609s1991 eng | ||
| 035 | |a 248696 | ||
| 035 | |a (Sirsi) 61427 | ||
| 040 | |a UIAM |b eng | ||
| 043 | |a a-pk--- | ||
| 049 | |b m | ||
| 050 | |a JQ559J3 | ||
| 100 | 1 | |a Nasr, Seyyed Vali Reza, |d 1960- | |
| 245 | 1 | 4 | |a The Politics of an Islamic movement : |b the Jama'at-i Islami in Pakistan / |c by Seyyed Vali Reza Nasr |
| 260 | 1 | |a Cambridge |b : Massachusetts Institute of Technology, |c 1991 | |
| 500 | |a 3v. | ||
| 502 | |a Ph.D. - Massachussetts Institute of Technology, 1991 | ||
| 533 | |a MIT, 1991 | ||
| 596 | |a 1 | ||
| 650 | 0 | |a Jama'at-i Islami-yi Pakistan | |
| 650 | 0 | |a Islam |x Societies, etc. |z Pakistan | |
| 650 | 0 | |a Political parties |z Pakistan | |
| 650 | 0 | |a Islam and state |z Pakistan | |
| 651 | 0 | |a Pakistan |x Politics and government | |
| 900 | |a na-sa | ||
| 999 | |c 429973 |d 461464 | ||
| 952 | |0 0 |6 T JQ 000559 J3N264P 1991V1 |7 0 |8 THESES |9 748938 |a IIUM |b IIUM |c MULTIMEDIA |g 0.00 |o t JQ559J3N264P 1991v1 |p 00000248716 |r 2017-10-19 |t 1 |v 0.00 |y THESIS | ||
| 952 | |0 0 |6 T JQ 000559 J3N264P 1991V2 |7 0 |8 THESES |9 748939 |a IIUM |b IIUM |c MULTIMEDIA |g 0.00 |o t JQ559J3N264P 1991v2 |p 00000248717 |r 2017-10-19 |t 1 |v 0.00 |y THESIS | ||
| 952 | |0 0 |6 T JQ 000559 J3N264P 1991V3 |7 0 |8 THESES |9 748940 |a IIUM |b IIUM |c MULTIMEDIA |g 0.00 |o t JQ559J3N264P 1991v3 |p 00000248719 |r 2017-10-19 |t 1 |v 0.00 |y THESIS | ||
